书目信息 |
| 书名: | The evolution of medieval thought | |
| 作者: | by DAVID KNOWLES. | |
| 分册号: | ||
| 分册名: | 出版地: | [London] : |
|
| 出版社: | Longmans | |
| 出版时间: | [1962]. | |
| 页数: | 356 p. ; | |
| 开本: | 19 cm. | |
| 丛书名: | ||
| 中图分类号: | ||
| 科图分类号: | ||
| 其他分类号: | B521 | |
| 主题词: | ||
| 电子资源: | ||
| 000 | 00759cam 2200026545 | |
| 001 | E0755036616 | |
| 005 | 20070712152107.50 | |
| 008 | 000316s1962 enk b 001 0 eng | |
| 010 | @a72005225 //r96 | |
| 020 | @a0582494265. | |
| 040 | @aDLC@cDLC@dUKM@dUBA | |
| 050 | 10 | @aB721 |
| 082 | 00 | @a189 |
| 090 | @aB521 | |
| 099 | @dB521@ex13 | |
| 100 | 1 | @aKnowles, David,@d1896- |
| 245 | 14 | @aThe evolution of medieval thought / @cby DAVID KNOWLES. |
| 260 | @a[London] :@bLongmans,@c[1962]. | |
| 300 | @a356 p. ;@c19 cm. | |
| 504 | @aIncludes bibliographical references. | |
| 650 | 7 | @aFilosofia Medieval @2 larpcal |
| 650 | 0 | @aReligious thought@yMiddle Ages, 600-1500. |
| 650 | 0 | @aPhilosophy, Medieval. |
| 700 | @aby KNOWLES,DAVID | |
| 920 | @a232010@z2 | |
| The evolution of medieval thought / / by DAVID KNOWLES.-[London] : : Longmans, , [1962]. |
| 356 p. ; ; 19 cm. |
| Includes bibliographical references. |
| ISBN 0582494265. |
| ● |
| 相关链接 |
|
|
|
|
正题名:evolution of medieval thought
索取号:B521/x13
 
预约/预借
| 序号 | 登录号 | 条形码 | 馆藏地/架位号 | 状态 | 备注 |
| 1 | 11864 | 300118646 | 第二样本阅览室/ [索取号:B521/x13] | 在馆 |